00944nam a2200217 a 450000100100000000500170001000800410002702000150006804000250008308200150010824501760012326000310029930000280033049000630035850000420042170000270046370000360049083000700052695201130059699900170070900004157920201002035641.0131011s1992 sp 000 0 spa d a8400072308 aDO-SdBNPbspacBNPHU axxxbL979o00aLéxico : Argentino-Español-Francés = xique argentin-espagnol-français /cPaul Verdevoye, coordinador científico ; Héctor Fernando Colla, coordinador técnico. aMadrid :bArchivos,c1992. axlvii, 271 p. ;c24 cm.1 aArchivos, investigaciones y repertorios lexicológicosv1 aLexique argentin-espagnol-français.12aVerdevoye, Paul94164812aColla, Héctor Fernando968339 0aArchivos, investigaciones y repertorios lexicológicosn1968340 001050718MOaGRbGRcCTd2013-10-11iLF1l0oxxx L979op41579-10r2020-06-25w2020-06-25y1ZNo se presta c41069d41069